|
|
|
|
| LEADER |
01068nam a2200301 a 4500 |
| 001 |
1420 |
| 003 |
BD-DhAAL |
| 005 |
20150523102113.0 |
| 008 |
150523s1996 cau b 001 0 eng |
| 010 |
|
|
|a 95024176
|
| 020 |
|
|
|a 1565103815 (alk. paper)
|
| 020 |
|
|
|a 1565103807 (pbk. : alk. paper)
|
| 040 |
|
|
|a DLC
|c DLC
|d DLC
|d BD-DhAAL
|
| 050 |
0 |
0 |
|a HQ809
|b .D65 1996
|
| 082 |
0 |
0 |
|a 362.82/92
|2 20
|
| 245 |
0 |
0 |
|a Domestic violence /
|c Karin L. Swisher, book editor.
|
| 260 |
|
|
|a San Diego, Calif. :
|b Greenhaven Press,
|c c1996.
|
| 300 |
|
|
|a 96 p. ;
|c 24 cm.
|
| 490 |
1 |
|
|a At issue
|
| 504 |
|
|
|a Includes bibliographical references (p. 92-93) and index.
|
| 541 |
|
|
|e 1420
|
| 650 |
|
0 |
|a Family violence.
|9 11289
|
| 650 |
|
0 |
|a Victims of family violence.
|9 11290
|
| 700 |
1 |
|
|a Swisher, Karin,
|d 1966-
|9 11291
|
| 830 |
|
0 |
|a At issue (San Diego, Calif.)
|9 11292
|
| 942 |
|
|
|2 ddc
|c BK
|
| 999 |
|
|
|c 34481
|d 34481
|
| 952 |
|
|
|0 0
|1 0
|2 ddc
|4 0
|6 362_829200000000000_DOM
|7 0
|9 53820
|a SCL
|b SCL
|c GEN
|d 2015-05-23
|e Gift: The Asia Foundation
|l 0
|o 362.8292 DOM
|p 3020001420
|r 2015-05-23
|t 1
|w 2015-05-23
|y BK
|